000 00390nam a2200133Ia 4500
008 220217s9999||||xx |||||||||||||| ||und||
020 _a981-254-891-2
082 _a515.8 FIT
100 _aFitzpatrick, Patrick, M
_95496
245 0 _aAdvanced calculas : a course in mathematical analysis
260 _aThomsan brooks cole
_bAustralia
_c1996
300 _b475
650 _aMATHEMATICS
999 _c176487
_d176487